| 000 | 00789nam a22002537a 4500 | ||
|---|---|---|---|
| 003 | DO-SdBNP | ||
| 005 | 20151120094215.0 | ||
| 008 | 151120b 1980 xxu||||| |||| 00| 0 spa d | ||
| 010 | _a00260 | ||
| 020 | _a8742973392 | ||
| 040 |
_aBPMSU _bspa _cBPMSU |
||
| 092 |
_axxxxx _bxxxxx |
||
| 100 | 1 | _aLessing, Doris | |
| 245 | 1 | 0 |
_aThe black madonna : _cand other stories / _6Doris Lessing ; ed. Solveig Odland Portisch ; ill. Oskar Jørgensen. |
| 260 |
_aCopenhagen : _bGrafisk forlag : Aschehoug Dansk Forlag _c1980. |
||
| 300 |
_a95 p. _bil. ; _c19 cm. |
||
| 490 | 1 |
_3Easy readers _6D |
|
| 700 | 1 | 2 |
_aOdland Portisch, Solveig, _eed. |
| 700 | 1 | 2 |
_aJørgensen, Oskar, _eil. |
| 830 | 0 |
_aEasy readers ; _nD |
|
| 910 | _a00260 | ||
| 942 |
_2ddc _cBK |
||
| 956 |
_aLorenza Pérez _b10 |
||
| 999 |
_c8833 _d8833 |
||